Tous les sites UNESCO de Finlande sur une carte - Statistiques

Statistiques générales
  • Ce quiz a été pris 16 fois
  • Le résultat moyen est 5 sur 7
Réponses sur la Carte
Les réponses sont colorées sur une échelle allant du rouge au vert en fonction du pourcentage des utilisateurs qui les ont devinées à leur premier essai. Vous pouvez retrouver ces pourcentages ci-dessous.
 
Statistiques - réponses
Réponse % Correct
Haute Côte / Archipel de Kvarken
92%
Arc géodésique de Struve
85%
Forteresse de Suomenlinna
77%
Usine de traitement du bois et de carton de Verla
62%
Site funéraire de l'âge du bronze de Sammallahdenmäki
54%
Ancienne Rauma
46%
Vieille église de Petäjävesi
46%
Aucun quiz correspondant
Distribution des résultats
% des personnes avec chaque résultat
Percentile par nombre de réponses
Votre historique - résultats
Vous n’avez pas pris ce quiz